00724nam a2200241Ia 450000500170000000800410001702000150005808200210007324500690009426000580016330000120022165000100023365000150024365000090025865000130026765000270028070000200030770000180032770000190034594200060036495200970037099900150046720250213012854.0240331s9999 xx 000 0 und d a9627156132 bBUT24795a305.4 0aResurgent Patriarchies:bChallenges for Women's Movement in Asia aKowloonbAsian Regional Exchange for New Alternatives a221 p., aWomen aPatriarchy aAsia aReligion aViolence Against Women aButalia, Ueedt aMagno, Needt aChi, L. Keedt cL 001040708LaWERCLbWERCLcSSCd2024-03-31l0o 305.4 RESp4795r2024-03-31w2024-03-31yL c1697d1697